|
|
|
|
| LEADER |
00000nam0a2200000 4500 |
| 001 |
30186 |
| 005 |
20231030203816.0 |
| 010 |
|
|
|a 0194702243
|
| 035 |
|
|
|a (RuTPU)RU\TPU\book\30456
|
| 035 |
|
|
|a BOOK00030533
|
| 090 |
|
|
|a 30186
|
| 100 |
|
|
|a 20011209d1998 u y0engy50 ba
|
| 101 |
0 |
|
|a eng
|
| 102 |
|
|
|a GB
|
| 105 |
|
|
|a a f 000|y
|
| 200 |
1 |
|
|a New Headway English Course
|e Teacher's Book. Intermediate
|f L. Soars, J. Soars
|
| 205 |
|
|
|a 4-th ed.
|
| 210 |
|
|
|a Oxford
|c Oxford University Press
|d 1998
|
| 215 |
|
|
|a 167 p.
|c il
|
| 517 |
1 |
|
|a Intermediate
|
| 610 |
1 |
|
|a английский язык
|
| 610 |
1 |
|
|a учебные пособия
|
| 610 |
1 |
|
|a грамматика
|
| 610 |
1 |
|
|a лексика
|
| 610 |
1 |
|
|a разговорная речь
|
| 610 |
1 |
|
|a обучение
|
| 610 |
1 |
|
|a преподавание
|
| 610 |
1 |
|
|a методика
|
| 686 |
|
|
|a Ш143.21-923
|v LBC/SL-A
|2 rubbk
|
| 700 |
|
1 |
|a Soars
|g John
|
| 701 |
|
1 |
|a Soars
|g Liz
|
| 801 |
|
0 |
|a GB
|b 63413507
|c 20011209
|g PSBO
|
| 801 |
|
2 |
|a RU
|b 63413507
|c 20211119
|g PSBO
|
| 942 |
|
|
|c BK
|